00331nam a2200109Ia 4500008004100000245008400041260004900125260000900174300001000183500001200193650001600205170224s9999 xx 000 0 und d aMoral expansiveness: Examining variability in the extension of the moral world. bJournal of Personality and Social Psychology c2016 a111:4 aOctober xPsychology.